Yüklüyor......

The Incredible Adventures of Professor Shonku

Detaylı Bibliyografya
Yazar: Satyajit Ray
Diğer Yazarlar: Surabhi Banerjee (Tr.)
Materyal Türü: Printed Book
Baskı/Yayın Bilgisi: India; Penguin Books; 1994
Edisyon:1st
Konular:
LEADER 00591nam a22001697a 4500
020 |a 0-14-024592-8 
082 |a 823  |b SAT/I N4 
100 |a Satyajit Ray  |9 316085 
245 |a The Incredible Adventures of Professor Shonku 
250 |a 1st 
260 |a India;  |b Penguin Books;  |c 1994 
300 |a vii+196p. 
650 |a Fiction; English Literature  |9 298830 
700 |a Surabhi Banerjee (Tr.)  |9 260506 
942 |c BK 
999 |c 72549  |d 72549 
952 |0 0  |1 0  |4 0  |6 823_000000000000000_SAT_I_N4  |7 0  |8 ENGF  |9 85639  |a MAL  |b MAL  |d 2017-01-13  |e 40287A  |g 100.00  |l 0  |o 823 SAT/I N4  |p MAL040287A  |r 2017-01-13  |t 1  |w 2017-01-13  |y BK